| 000 | 00451pab a2200181 454500 | ||
|---|---|---|---|
| 008 | 180718b2008 xxu||||| |||| 00| 0 eng d | ||
| 100 | _aMulligan, Casey B. | ||
| 245 | _aSelection, investment, and women's relative wages over time | ||
| 260 | _c2008 | ||
| 300 | _ap.1061-110. | ||
| 362 | _aAug | ||
| 650 | _aWages | ||
| 650 | _aWomen | ||
| 700 | _aRubinstein, Yona | ||
| 773 | _aQuarterly Journal of Economics | ||
| 908 | _aN | ||
| 909 | _a79137 | ||
| 999 |
_c79137 _d79137 |
||